[Event "Mecklenburg VP LL2 West 1213"]
[Site "Mecklenburg VP"]
[Date "2013.01.13"]
[Round "5.7"]
[White "Mitscherling, Reinhard"]
[Black "Krueger, Reinhard"]
[Result "1-0"]
[WhiteElo "1818"]
[BlackElo "1509"]
[PlyCount "77"]
[EventDate "2012.10.14"]
[EventType "team-tourn"]
[EventRounds "9"]
[EventCountry "GER"]
[SourceTitle "EXT 2022"]
[Source "ChessBase"]
[SourceDate "2021.10.06"]
[SourceVersion "1"]
[SourceVersionDate "2021.10.06"]
[SourceQuality "1"]
[WhiteTeam "Ludwigslust Post SV"]
[BlackTeam "Gadebusch"]
[WhiteTeamCountry "GER"]
[BlackTeamCountry "GER"]

1. d4 d5 2. Nf3 Nf6 3. c4 e6 4. Nc3 Be7 5. Bf4 0-0 6. e3 h6 7. Be2 c6 8. h3 dxc4 9. Bxc4 Bd6 10. Ne5 Bxe5 11. Bxe5 Nbd7 12. Bg3 b6 13. 0-0 Bb7 14. e4 c5 15. d5 exd5 16. exd5 Re8 17. Bb5 a6 18. Bc6 Qc8 19. Bxb7 Qxb7 20. Qd2 Ne4 21. Qd3 Nxg3 22. fxg3 Ne5 23. Qf5 Nc4 24. Qf2 Rad8 25. Rfe1 Rxe1+ 26. Rxe1 Qd7 27. b3 Nd6 28. a4 Nf5 29. a5 Nd4 30. axb6 Nxb3 31. Qa2 Nd4 32. Qxa6 Re8 33. Qf1 Rxe1 34. Qxe1 Nb5 35. Nxb5 Qxb5 36. d6 g6 37. Qe7 Qxb6 38. d7 c4+ 39. Kh2 1-0

[Event "Mecklenburg VP Seniors op 11th"]
[Site "Plau am See"]
[Date "2007.??.??"]
[Round "3"]
[White "Krueger, Reinhard"]
[Black "Gottschalk, Juergen"]
[Result "1-0"]
[WhiteElo "1607"]
[BlackElo "1306"]
[PlyCount "77"]
[EventDate "2007.03.19"]
[EventType "swiss"]
[EventRounds "7"]
[EventCountry "GER"]
[SourceTitle "EXT 2008"]
[Source "ChessBase"]
[SourceDate "2007.11.25"]
[SourceVersion "1"]
[SourceVersionDate "2007.11.25"]
[SourceQuality "1"]

1. d4 Nf6 2. c4 e6 3. Nc3 d5 4. e3 Nc6 5. Nf3 Be7 6. a3 0-0 7. Bd3 a6 8. 0-0 b6 9. Qc2 Bb7 10. Ne2 a5 11. Bd2 Bd6 12. c5 bxc5 13. dxc5 Be7 14. b4 axb4 15. axb4 h6 16. b5 Na7 17. c6 Bc8 18. Ra4 Qd6 19. Rc1 e5 20. Bb4 Qxb4 21. Rxb4 Bxb4 22. Nxe5 Be6 23. Ra1 Bd6 24. Nf3 Ng4 25. Ra4 f5 26. h3 Nf6 27. Ned4 Bf7 28. Qa2 Bc5 29. Qc2 Bb6 30. Bxf5 Rae8 31. Bd3 Nc8 32. Nf5 Ne7 33. N3d4 Ng6 34. Nxh6+ gxh6 35. Bxg6 Ne4 36. Bxe4 Rxe4 37. Nf5 Re6 38. Rg4+ Bg6 39. Ne7+ 1-0

[Event "Mecklenburg VP-ch Seniors 04th"]
[Site "Plau am See"]
[Date "2004.10.09"]
[Round "6"]
[White "Schroeder, Christian"]
[Black "Krueger, Reinhard"]
[Result "1-0"]
[WhiteElo "1948"]
[BlackElo "1604"]
[PlyCount "113"]
[EventDate "2004.10.04"]
[EventType "swiss"]
[EventRounds "9"]
[EventCountry "GER"]
[SourceTitle "EXT 2006"]
[Source "ChessBase"]
[SourceDate "2005.11.24"]
[SourceVersion "1"]
[SourceVersionDate "2005.11.24"]
[SourceQuality "1"]

1. d4 d5 2. c4 Nf6 3. Nc3 e6 4. Nf3 Be7 5. Bf4 c6 6. e3 0-0 7. Bd3 dxc4 8. Bxc4 b5 9. Bd3 Nbd7 10. 0-0 Bb7 11. Rc1 Rc8 12. e4 a6 13. a3 c5 14. d5 exd5 15. exd5 Nb6 16. Bf5 Ra8 17. d6 Nfd5 18. dxe7 Qxe7 19. Nxd5 Nxd5 20. Bg5 Qc7 21. Qc2 h6 22. Bh4 c4 23. Rcd1 Rfe8 24. Bh7+ Kh8 25. Be4 Ne3 26. fxe3 Bxe4 27. Qc3 Re6 28. Bg3 Qe7 29. Ne5 f6 30. Nf3 Bd3 31. Rfe1 Rxe3 32. Rxe3 Qxe3+ 33. Bf2 Qe8 34. Qb4 Qg6 35. Qd6 Re8 36. Re1 Rxe1+ 37. Nxe1 Be4 38. Qxa6 Bxg2 39. Nxg2 Qb1+ 40. Be1 Qxb2 41. Qa5 Qd4+ 42. Kh1 Qd3 43. Kg1 Qd4+ 44. Bf2 Qa1+ 45. Ne1 Qb1 46. Qb4 Qf5 47. Qc5 Qg4+ 48. Bg3 h5 49. Kh1 h4 50. Bf2 Qe4+ 51. Kg1 Qg4+ 52. Kf1 Qh3+ 53. Ke2 Qxh2 54. Qxb5 h3 55. Qxc4 Qe5+ 56. Kf1 Qg5 57. Qh4+ 1-0